[Event "CYCC U08"]
[Site "Ottawa CAN"]
[Date "2013.07.11"]
[Round "3"]
[White "Zhao, Jonathan"]
[Black "Zhao, Ian"]
[Result "1/2-1/2"]
[WhiteElo "1123"]
[BlackElo "1388"]
[PlyCount "70"]
[GameId "2160767909317884"]
[EventDate "2013.07.10"]
[EventType "swiss"]
[EventRounds "6"]
[EventCountry "CAN"]
[SourceTitle "hb 2013"]

1. d4 Nf6 2. Nf3 e6 3. e3 d5 4. Bd3 Nbd7 5. Nbd2 c5 6. c3 b6 7. Qe2 c4 8. Bc2 Bb7 9. e4 Be7 10. e5 Ng8 11. O-O h5 12. b3 cxb3 13. axb3 h4 14. h3 Nh6 15. Nh2 Qc7 16. Qe3 Qc6 17. Ndf3 a6 18. Bd2 b5 19. Rac1 Rc8 20. Bd3 O-O 21. Qe2 Nf5 22. Bxf5 exf5 23. Ng5 Bxg5 24. Bxg5 Qg6 25. Bxh4 Qh6 26. Be7 Rfe8 27. Ba3 Re6 28. Qf3 Qg5 29. c4 Nb6 30. c5 Nd7 31. Qe3 Qxe3 32. fxe3 Rg6 33. Kf2 Rcc6 34. Kf3 f6 35. exf6 Rcxf6 1/2-1/2

[Event "CYCC U08"]
[Site "Ottawa CAN"]
[Date "2013.07.11"]
[Round "3"]
[White "Zhou, Aiden"]
[Black "Bivol, Mateo"]
[Result "1-0"]
[WhiteElo "1136"]
[BlackElo "735"]
[PlyCount "77"]
[GameId "2160767909317885"]
[EventDate "2013.07.10"]
[EventType "swiss"]
[EventRounds "6"]
[EventCountry "CAN"]
[SourceTitle "hb 2013"]

1. e4 e5 2. Nf3 Nc6 3. Bc4 Bc5 4. O-O Nf6 5. d3 O-O 6. Nbd2 d5 7. exd5 Nxd5 8. Nb3 Bd6 9. Bxd5 Nb4 10. Bc4 Qf6 11. a3 Nc6 12. Qd2 Qf5 13. Qg5 Be7 14. Qxf5 Bxf5 15. Bg5 Bd6 16. Bd5 h6 17. Bd2 Ne7 18. Bxb7 Rab8 19. Ba6 Rb6 20. Bc4 c5 21. Rfe1 Bc7 22. Nxe5 Bxe5 23. Rxe5 Re8 24. Rae1 Rb7 25. Rxf5 Nxf5 26. Rxe8+ Kh7 27. Bd5 Rd7 28. Be4 g6 29. Bc3 Ng7 30. Bxg7 Kxg7 31. h3 f6 32. Rb8 f5 33. Rb7 Rxb7 34. Bxb7 Kf6 35. Nxc5 Kg5 36. Nd7 h5 37. d4 h4 38. c4 Kf4 39. c5 1-0

[Event "CYCC U08"]
[Site "Ottawa CAN"]
[Date "2013.07.11"]
[Round "4"]
[White "Bivol, Mateo"]
[Black "Bui, Alan"]
[Result "0-1"]
[WhiteElo "735"]
[BlackElo "550"]
[PlyCount "70"]
[GameId "2160767909317886"]
[EventDate "2013.07.10"]
[EventType "swiss"]
[EventRounds "6"]
[EventCountry "CAN"]
[SourceTitle "hb 2013"]

1. e4 e5 2. Nf3 Nc6 3. Bc4 h6 4. O-O Nf6 5. Nc3 Bc5 6. d3 d6 7. h3 Be6 8. Bxe6 fxe6 9. Be3 Bxe3 10. fxe3 O-O 11. Nh4 Qe8 12. Qf3 Nb4 13. Rab1 Nxc2 14. b4 Qc6 15. Ne2 Qb6 16. Ng3 Nxe3 17. Rfe1 Nc2+ 18. Qf2 Nxe1 19. Rxe1 Qxb4 20. Ng6 Rf7 21. Rd1 Nxe4 22. Qe3 Nxg3 23. Qxg3 Qd4+ 24. Kh1 e4 25. Nf4 Qe5 26. Re1 Rxf4 27. Qg6 Rf6 28. Qg4 h5 29. Qd1 Qb2 30. Re2 Qd4 31. Rxe4 Qc5 32. Rc4 Qf5 33. Kh2 Qe5+ 34. g3 Rf2+ 35. Kg1 Qxg3+ 0-1

[Event "CYCC U08"]
[Site "Ottawa CAN"]
[Date "2013.07.11"]
[Round "4"]
[White "Gaisinsky, Jacob"]
[Black "Kong, Brandon"]
[Result "0-1"]
[WhiteElo "407"]
[BlackElo "767"]
[PlyCount "50"]
[GameId "2160767909317887"]
[EventDate "2013.07.10"]
[EventType "swiss"]
[EventRounds "6"]
[EventCountry "CAN"]
[SourceTitle "hb 2013"]

1. e4 e5 2. Nf3 Nc6 3. Bc4 Bc5 4. Nc3 Nf6 5. d3 O-O 6. Be3 Bb4 7. Bd2 Bxc3 8. Bxc3 d5 9. exd5 Nxd5 10. Bxd5 Qxd5 11. O-O Bg4 12. h3 Bxf3 13. gxf3 Rfe8 14. Bd2 Re6 15. Re1 Qd7 16. f4 Rg6+ 17. Kh2 Qd5 18. Rg1 Rxg1 19. Qxg1 Nd4 20. Qd1 Re8 21. c3 Nf3+ 22. Kg2 Nxd2+ 23. f3 Qxd3 24. a3 exf4 25. Ra2 Re2+ 0-1

[Event "CYCC U08"]
[Site "Ottawa CAN"]
[Date "2013.07.11"]
[Round "4"]
[White "Issani, Nameer"]
[Black "Zhao, Jonathan"]
[Result "1-0"]
[WhiteElo "1425"]
[BlackElo "1123"]
[PlyCount "122"]
[GameId "2160767909317889"]
[EventDate "2013.07.10"]
[EventType "swiss"]
[EventRounds "6"]
[EventCountry "CAN"]
[SourceTitle "hb 2013"]

1. e4 e5 2. Nf3 Nc6 3. Bb5 Bc5 4. O-O d6 5. h3 Nf6 6. Re1 O-O 7. c3 d5 8. exd5 Qxd5 9. Bxc6 Qxc6 10. Nxe5 Qd6 11. d4 Bb6 12. Bf4 Qd5 13. Nd2 Bf5 14. Qf3 Qxf3 15. Ndxf3 Nd5 16. Bg3 f6 17. Nc4 Rac8 18. a4 a5 19. Na3 Rfe8 20. Rxe8+ Rxe8 21. Re1 Rxe1+ 22. Nxe1 Kf7 23. c4 Nb4 24. c5 Ba7 25. Bxc7 Nc6 26. Nb5 Ke6 27. Nxa7 Nxa7 28. Bxa5 Kd5 29. g4 Be4 30. f3 Bb1 31. Bc3 Nc6 32. b4 Ba2 33. Nc2 Kc4 34. b5 Kxc3 35. bxc6 bxc6 36. Ne3 Kxd4 37. Nf5+ Kxc5 38. Nxg7 Kd4 39. Nf5+ Ke5 40. Kf2 Bc4 41. Ke3 Ba6 42. f4+ Kd5 43. Nd4 c5 44. Nb5 Bxb5 45. axb5 c4 46. b6 Kc6 47. Kd4 Kxb6 48. Kxc4 Kc6 49. Kd4 Kd6 50. Ke4 Ke6 51. h4 h6 52. h5 Ke7 53. Kd5 Kd7 54. f5 Ke7 55. Kc6 Ke8 56. Kd6 Kf7 57. Kd7 Kf8 58. Ke6 Kg7 59. Ke7 Kg8 60. Kxf6 Kf8 61. Kg6 Ke7 1-0

[Event "CYCC U08"]
[Site "Ottawa CAN"]
[Date "2013.07.11"]
[Round "4"]
[White "James, Rowan"]
[Black "Zhou, Aiden"]
[Result "1-0"]
[WhiteElo "1072"]
[BlackElo "1136"]
[PlyCount "145"]
[GameId "2160767909317890"]
[EventDate "2013.07.10"]
[EventType "swiss"]
[EventRounds "6"]
[EventCountry "CAN"]
[SourceTitle "hb 2013"]

1. e4 c5 2. Nf3 e6 3. d4 cxd4 4. Nxd4 a6 5. Nc3 b5 6. a3 Bb7 7. Be2 d6 8. O-O Nf6 9. Be3 Nxe4 10. Nxe4 Bxe4 11. Bf3 Bxf3 12. Nxf3 Be7 13. Qe2 O-O 14. Rad1 Qc7 15. Rd2 Nd7 16. Rfd1 Rac8 17. c3 d5 18. Rd4 Nf6 19. Bf4 Qb7 20. Qc2 Bc5 21. R4d2 Ne4 22. Ng5 Nxg5 23. Bxg5 h6 24. Bf4 Qb6 25. Rd3 Bd6 26. Bxd6 Qxd6 27. Rg3 Qe5 28. Qc1 Qf6 29. Rdd3 Kh8 30. Rdf3 Qe5 31. Rh3 Kg8 32. Rfg3 f5 33. Rxh6 Qxg3 34. hxg3 gxh6 35. Qxh6 Rce8 36. Qe3 Ra8 37. Qxe6+ Kg7 38. g4 fxg4 39. Qxg4+ Kf6 40. Qf3+ Ke6 41. Qe3+ Kd6 42. g3 Rfe8 43. Qd4 Rac8 44. Kg2 Re6 45. Qf4+ Kd7 46. g4 Ke7 47. Qf5 Kd6 48. g5 Rg8 49. Kg3 Rgg6 50. Qf8+ Kd7 51. f4 Re7 52. Qf5+ Ree6 53. Qxd5+ Rd6 54. Qe4 Kd8 55. Kg4 Kd7 56. f5 Rg8 57. Qb7+ Ke8 58. g6 Rgxg6+ 59. fxg6 Rxg6+ 60. Kf5 Rd6 61. Ke5 Rh6 62. Qg7 Rb6 63. Kd5 Kd8 64. c4 bxc4 65. Kxc4 Rc6+ 66. Kd5 Rb6 67. a4 Kc8 68. a5 Rb7 69. Qf8+ Kc7 70. Qd6+ Kc8 71. Kc6 Rb6+ 72. axb6 a5 73. Qc7# 1-0

[Event "CYCC U08"]
[Site "Ottawa CAN"]
[Date "2013.07.11"]
[Round "4"]
[White "Kulic, Mateo"]
[Black "Fu, Steven"]
[Result "0-1"]
[WhiteElo "917"]
[BlackElo "631"]
[PlyCount "40"]
[GameId "2160767909317891"]
[EventDate "2013.07.10"]
[EventType "swiss"]
[EventRounds "6"]
[EventCountry "CAN"]
[SourceTitle "hb 2013"]

1. e4 e5 2. Nf3 Nc6 3. Bc4 Be7 4. d4 exd4 5. Nxd4 Nxd4 6. Qxd4 Nf6 7. O-O d6 8. e5 Ng4 9. exd6 Bxd6 10. Re1+ Be6 11. Qxg4 O-O 12. Bxe6 fxe6 13. Rxe6 Qd7 14. Bh6 Rfe8 15. Rxe8+ Rxe8 16. Qc4+ Kh8 17. Nc3 Qe7 18. h3 a6 19. Qd4 Qe1+ 20. Rxe1 Rxe1# 0-1

[Event "CYCC U08"]
[Site "Ottawa CAN"]
[Date "2013.07.11"]
[Round "4"]
[White "Low, Kevin"]
[Black "Doknjas, Neil"]
[Result "0-1"]
[WhiteElo "1484"]
[BlackElo "1228"]
[PlyCount "80"]
[GameId "2160767909317893"]
[EventDate "2013.07.10"]
[EventType "swiss"]
[EventRounds "6"]
[EventCountry "CAN"]
[SourceTitle "hb 2013"]

1. e4 e5 2. Nf3 Nf6 3. Nxe5 Qe7 4. Nf3 Nxe4 5. Be2 Nc6 6. Nc3 Nxc3 7. dxc3 d6 8. Be3 Be6 9. Qd2 a6 10. O-O h6 11. Nd4 Ne5 12. Nf3 Nxf3+ 13. Bxf3 O-O-O 14. Rfe1 g5 15. Bd4 Rg8 16. g3 g4 17. Bg2 h5 18. c4 h4 19. Qc3 Rg6 20. Qb3 c6 21. Qb6 hxg3 22. fxg3 Bg7 23. Bf2 Qc7 24. Qb3 Rh8 25. Kh1 Be5 26. Rad1 Rgh6 27. Bg1 Kb8 28. Re3 f5 29. Rde1 Bf7 30. Rf1 Bd4 31. Ree1 Bxg1 32. Kxg1 Bg6 33. Re6 Qa5 34. Rf2 Qc5 35. Re7 b6 36. Qa4 Rxh2 37. Kf1 R2h7 38. Rxh7 Rxh7 39. Bxc6 Qd4 40. Qxa6 Qd1+ 0-1

[Event "CYCC U08"]
[Site "Ottawa CAN"]
[Date "2013.07.11"]
[Round "4"]
[White "Mo, Aidan"]
[Black "Noorali, Aahil"]
[Result "0-1"]
[WhiteElo "951"]
[BlackElo "1086"]
[PlyCount "109"]
[GameId "2160767909317894"]
[EventDate "2013.07.10"]
[EventType "swiss"]
[EventRounds "6"]
[EventCountry "CAN"]
[SourceTitle "hb 2013"]

1. e4 e5 2. Nf3 Nc6 3. Bc4 Bc5 4. b4 Bxb4 5. c3 Bc5 6. d4 exd4 7. O-O dxc3 8. Qb3 Qe7 9. Nxc3 Na5 10. Qa4 Nxc4 11. Qxc4 d6 12. Nd5 Be6 13. Re1 Qd7 14. Bb2 Ne7 15. Qc3 O-O-O 16. Qd2 Nxd5 17. exd5 Bg4 18. Nd4 Rhe8 19. Qc2 Rxe1+ 20. Rxe1 Re8 21. Rc1 Qe7 22. h3 Bh5 23. Qb3 Qe4 24. Nb5 a6 25. Nc3 Qb4 26. Qc2 Bg6 27. Qd2 Qd4 28. Qxd4 Bxd4 29. Rf1 b5 30. Nd1 Bxb2 31. Nxb2 Re2 32. Nd1 Rxa2 33. Ne3 b4 34. f4 Be4 35. Rd1 b3 36. Nc4 b2 37. Nxb2 Rxb2 38. g4 Rb5 39. Re1 Bxd5 40. Re7 a5 41. Kf1 a4 42. Ke2 a3 43. Kd3 a2 44. Re1 Rb1 45. Re8+ Kd7 46. Re2 Rb4 47. Rxa2 Bxa2 48. f5 c5 49. Ke3 c4 50. Kd4 d5 51. g5 Ra4 52. h4 Ra3 53. h5 g6 54. hxg6 h6 55. gxh6 0-1

[Event "CYCC U08"]
[Site "Ottawa CAN"]
[Date "2013.07.11"]
[Round "4"]
[White "Radin, Andrew"]
[Black "Huang, Patrick"]
[Result "0-1"]
[WhiteElo "764"]
[BlackElo "1040"]
[PlyCount "56"]
[GameId "2160767909317895"]
[EventDate "2013.07.10"]
[EventType "swiss"]
[EventRounds "6"]
[EventCountry "CAN"]
[SourceTitle "hb 2013"]

1. e4 c5 2. Nf3 d6 3. Be2 Nf6 4. Nc3 e6 5. O-O Be7 6. d3 O-O 7. Bg5 Nc6 8. d4 cxd4 9. Nxd4 e5 10. Nxc6 bxc6 11. f4 Qb6+ 12. Kh1 Qxb2 13. Qd2 Qb6 14. fxe5 dxe5 15. Bh5 Ba6 16. Rfe1 Rad8 17. Qc1 Qb4 18. Bd2 Nxh5 19. Nd5 Qa3 20. Qxa3 Bxa3 21. Nc7 Rxd2 22. Nxa6 Rxc2 23. Rf1 Rd8 24. g4 Rdd2 25. Rfd1 Rxh2+ 26. Kg1 Rcg2+ 27. Kf1 Ng3+ 28. Ke1 Rg1# 0-1

[Event "CYCC U08"]
[Site "Ottawa CAN"]
[Date "2013.07.11"]
[Round "4"]
[White "Tang, Matthew"]
[Black "Wu, Lucian"]
[Result "1-0"]
[WhiteElo "1030"]
[BlackElo "599"]
[PlyCount "55"]
[GameId "2160767909317897"]
[EventDate "2013.07.10"]
[EventType "swiss"]
[EventRounds "6"]
[EventCountry "CAN"]
[SourceTitle "hb 2013"]

1. e4 e5 2. Nf3 Nc6 3. d4 exd4 4. Bc4 Nf6 5. e5 Ne4 6. Nxd4 Nxd4 7. Qxd4 Nc5 8. Qd5 Ne6 9. Nc3 Bc5 10. O-O O-O 11. Be3 Bb6 12. Bd3 c6 13. Qe4 g6 14. Bh6 Ng7 15. Qf4 Bc7 16. Qf6 Qxf6 17. exf6 Re8 18. Bxg7 Re5 19. Rfe1 d5 20. Rxe5 Bxe5 21. Re1 Bxh2+ 22. Kxh2 Bd7 23. Re7 Bg4 24. Rxb7 h5 25. Rc7 Rb8 26. Rxa7 Rxb2 27. Ra8+ Kh7 28. Rh8# 1-0

[Event "CYCC U08"]
[Site "Ottawa CAN"]
[Date "2013.07.11"]
[Round "4"]
[White "Xu, Yaorui"]
[Black "Butchart, Kevin"]
[Result "0-1"]
[WhiteElo "1030"]
[BlackElo "810"]
[PlyCount "168"]
[GameId "2160767909317898"]
[EventDate "2013.07.10"]
[EventType "swiss"]
[EventRounds "6"]
[EventCountry "CAN"]
[SourceTitle "hb 2013"]

1. e4 c5 2. Nf3 e6 3. c4 Nf6 4. Nc3 a6 5. g3 Qc7 6. Bg2 Be7 7. O-O d6 8. d3 O-O 9. Re1 Nc6 10. b3 b6 11. Bb2 Bb7 12. Qd2 Rad8 13. Rad1 Rfe8 14. a4 Rb8 15. Ne2 Rbd8 16. Nf4 Rc8 17. Qe3 Rcd8 18. h3 Rd7 19. h4 h6 20. Bh3 Rdd8 21. Bxe6 Qb8 22. Bd5 Nxd5 23. Nxd5 Qc8 24. Nxb6 Qc7 25. Nd5 Qd7 26. Qf4 Qe6 27. Nc7 Qd7 28. Nxe8 Rxe8 29. Qf5 Qc7 30. e5 dxe5 31. Nxe5 Bf8 32. Qd7 Qxd7 33. Nxd7 Rd8 34. Nxf8 Rxf8 35. d4 cxd4 36. Bxd4 Rd8 37. Bc3 Rc8 38. Re2 Nb8 39. Rde1 Bc6 40. b4 Bxa4 41. c5 Kh7 42. Re7 Kg8 43. Ra1 Bb5 44. Rae1 Rd8 45. Kg2 Nc6 46. Re8+ Rxe8 47. Rxe8+ Kh7 48. h5 Nxb4 49. Re7 Nd5 50. Rxf7 Nxc3 51. c6 Bxc6+ 52. Kg1 Bb5 53. Rc7 Nd5 54. Rc5 Nf6 55. Kg2 Kg8 56. Kf3 Kf7 57. Ke3 Ke6 58. Kd4 Kd6 59. f3 Be2 60. f4 Bxh5 61. f5 Be2 62. Rc2 Bb5 63. Rc5 Ne4 64. Rd5+ Ke7 65. Kxe4 Bc6 66. Kd4 Bxd5 67. Kxd5 Kf6 68. g4 Kg5 69. f6 gxf6 70. Kc5 Kxg4 71. Kb6 h5 72. Kxa6 h4 73. Kb6 h3 74. Kc6 h2 75. Kd6 h1=Q 76. Ke6 Qc6+ 77. Ke7 f5 78. Kf7 Qd6 79. Kg7 Qe6 80. Kh7 Qf6 81. Kg8 Qe7 82. Kh8 Kg5 83. Kg8 Kg6 84. Kh8 Qf8# 0-1

[Event "CYCC U08"]
[Site "Ottawa CAN"]
[Date "2013.07.11"]
[Round "4"]
[White "Zhao, Ian"]
[Black "Wu, Nicholas"]
[Result "1/2-1/2"]
[WhiteElo "1388"]
[BlackElo "1158"]
[PlyCount "59"]
[GameId "2160767909317899"]
[EventDate "2013.07.10"]
[EventType "swiss"]
[EventRounds "6"]
[EventCountry "CAN"]
[SourceTitle "hb 2013"]

1. e4 e5 2. Nf3 Nc6 3. d4 exd4 4. Nxd4 Bc5 5. Be3 Qf6 6. c3 Nge7 7. Bc4 O-O 8. O-O Ne5 9. Bb3 d6 10. f4 Ng4 11. Qf3 Nxe3 12. Qxe3 Nc6 13. Rd1 Re8 14. Bd5 Bf5 15. Bxc6 bxc6 16. Nd2 d5 17. e5 Qe7 18. N2f3 Bg4 19. Kh1 f6 20. Re1 Qd7 21. h3 Bf5 22. Rad1 Rad8 23. Qe2 fxe5 24. Nxe5 Qc8 25. Ndxc6 Rd6 26. Nd4 Bxd4 27. Rxd4 Rh6 28. Qf3 Bxh3 29. Kg1 Be6 30. Re3 1/2-1/2

[Event "CYCC U08"]
[Site "Ottawa CAN"]
[Date "2013.07.12"]
[Round "5"]
[White "Bivol, Mateo"]
[Black "Mo, Aidan"]
[Result "1/2-1/2"]
[WhiteElo "735"]
[BlackElo "951"]
[PlyCount "66"]
[GameId "2160767909317900"]
[EventDate "2013.07.10"]
[EventType "swiss"]
[EventRounds "6"]
[EventCountry "CAN"]
[SourceTitle "hb 2013"]

1. e4 c5 2. Nf3 Nc6 3. Nc3 e6 4. Bb5 Nge7 5. O-O a6 6. Bxc6 Nxc6 7. d3 Be7 8. Bf4 d6 9. h3 O-O 10. e5 dxe5 11. Nxe5 Qd4 12. Nxc6 bxc6 13. Be3 Qh4 14. Qf3 Bb7 15. Bf4 Bf6 16. Bg3 Qd4 17. Rae1 Rad8 18. Re4 Qd7 19. Re2 Bxc3 20. bxc3 c4 21. dxc4 c5 22. Qe3 Qc6 23. f3 f5 24. Be5 Rd7 25. Rd2 Rxd2 26. Qxd2 Qb6 27. Qg5 Rf7 28. Rd1 h6 29. Qh4 Qc6 30. Rd6 Qa4 31. Rd8+ Kh7 32. Qg3 Rd7 33. Rxd7 Qxd7 1/2-1/2

[Event "CYCC U08"]
[Site "Ottawa CAN"]
[Date "2013.07.12"]
[Round "5"]
[White "Bui, Alan"]
[Black "Xu, Yaorui"]
[Result "0-1"]
[WhiteElo "550"]
[BlackElo "1030"]
[PlyCount "74"]
[GameId "2160767909317901"]
[EventDate "2013.07.10"]
[EventType "swiss"]
[EventRounds "6"]
[EventCountry "CAN"]
[SourceTitle "hb 2013"]

1. e4 c5 2. Bc4 e6 3. Nf3 d5 4. exd5 exd5 5. Bb3 Qe7+ 6. Qe2 Qxe2+ 7. Kxe2 c4 8. Ba4+ Nc6 9. Nc3 a6 10. Nxd5 Bd6 11. Nd4 Bd7 12. Nxc6 Bxc6 13. Bxc6+ bxc6 14. Nb6 Rd8 15. Nxc4 Nf6 16. d3 O-O 17. Nxd6 Rxd6 18. Kf1 Re8 19. Be3 Ng4 20. Bc5 Rf6 21. g3 Ne3+ 22. Bxe3 Rxe3 23. Kg2 Re2 24. Rhf1 Rxc2 25. Rae1 Kf8 26. Re3 Rxb2 27. Rfe1 g6 28. Re8+ Kg7 29. a4 Rfxf2+ 30. Kg1 Ra2 31. R8e4 Rfd2 32. R4e3 Rf2 33. Rc1 Rfc2 34. Rb1 Rd2 35. Rf1 Rg2+ 36. Kh1 Rxh2+ 37. Kg1 Rag2# 0-1

[Event "CYCC U08"]
[Site "Ottawa CAN"]
[Date "2013.07.12"]
[Round "5"]
[White "Butchart, Kevin"]
[Black "Zhou, Aiden"]
[Result "0-1"]
[WhiteElo "810"]
[BlackElo "1136"]
[PlyCount "82"]
[GameId "2160767909317902"]
[EventDate "2013.07.10"]
[EventType "swiss"]
[EventRounds "6"]
[EventCountry "CAN"]
[SourceTitle "hb 2013"]

1. e4 c5 2. Nf3 e6 3. d3 Nc6 4. g3 g6 5. Bg2 Bg7 6. O-O Nge7 7. Qe2 e5 8. Re1 O-O 9. Nbd2 a6 10. h4 d6 11. Nf1 Be6 12. N1h2 b5 13. a3 Qb6 14. Be3 Nd4 15. Nxd4 cxd4 16. Bd2 a5 17. Red1 Rac8 18. Be1 Rc7 19. Rac1 Rfc8 20. Rd2 b4 21. axb4 axb4 22. b3 Bxb3 23. Qd1 Ba4 24. Re2 b3 25. Qd2 b2 26. Rb1 Bxc2 27. Nf3 Bxb1 28. Qxb2 Qxb2 29. Rxb2 Bxd3 30. Rd2 Bxe4 31. Re2 Bxf3 32. Bxf3 Rc2 33. Re4 f5 34. Re2 Rxe2 35. Bxe2 e4 36. Bd2 Rc2 37. Bg5 Rxe2 38. Bxe7 d3 39. Bxd6 d2 40. Bf4 d1=Q+ 41. Kg2 Bd4 0-1

[Event "CYCC U08"]
[Site "Ottawa CAN"]
[Date "2013.07.12"]
[Round "5"]
[White "Doknjas, Neil"]
[Black "Issani, Nameer"]
[Result "0-1"]
[Annotator "John"]
[WhiteElo "1228"]
[BlackElo "1425"]
[PlyCount "92"]
[GameId "2160767909317903"]
[EventDate "2013.07.10"]
[EventType "swiss"]
[EventRounds "6"]
[EventCountry "CAN"]

1. e4 e5 2. Nf3 Nc6 3. d4 exd4 4. Nxd4 Qh4 5. Nc3 Bb4 6. Be2 Qxe4 7. Ndb5 Qe5 8. f4 Bxc3+ 9. bxc3 Qc5 10. Nxc7+ Kd8 11. Nxa8 Qxc3+ 12. Bd2 Qc5 13. Bd3 Nf6 14. Qe2 Re8 15. Qxe8+ Kxe8 16. Nc7+ Kd8 17. Nb5 Ng4 18. Ke2 Qf2+ 19. Kd1 Qxg2 20. Re1 Qd5 21. Nc3 Qf3+ 22. Kc1 d5 23. Kb2 Be6 24. Be2 Qh3 25. f5 Bxf5 26. Nxd5 Nge5 27. Red1 Kc8 28. Bf4 f6 29. Rg1 Nd4 30. Ne7+ Kd8 31. Nxf5 Qxf5 32. Rad1 Qxf4 33. c3 Qf2 34. Rge1 Nef3 35. Rxd4+ Nxd4 36. cxd4 Qxe1 37. Bd3 Qd2+ 38. Kb1 Qxd3+ 39. Ka1 Qd1+ 40. Kb2 Qd2+ 41. Kb1 Qxh2 42. Ka1 f5 43. Kb1 f4 44. a4 f3 45. a5 f2 46. a6 f1=R# 0-1

[Event "CYCC U08"]
[Site "Ottawa CAN"]
[Date "2013.07.12"]
[Round "5"]
[White "England, Max"]
[Black "Zhao, Jonathan"]
[Result "0-1"]
[WhiteElo "944"]
[BlackElo "1123"]
[PlyCount "136"]
[GameId "2160767909317904"]
[EventDate "2013.07.10"]
[EventType "swiss"]
[EventRounds "6"]
[EventCountry "CAN"]
[SourceTitle "EXT 2022"]
[Source "ChessBase"]
[SourceDate "2021.10.06"]
[SourceVersion "1"]
[SourceVersionDate "2021.10.06"]
[SourceQuality "1"]

1. e4 e5 2. Nf3 Nc6 3. Bc4 Bc5 4. O-O Nf6 5. d3 h6 6. Be3 Bb6 7. c3 O-O 8. a4 d6 9. Nbd2 Be6 10. Bxe6 fxe6 11. d4 exd4 12. cxd4 Qe7 13. e5 dxe5 14. dxe5 Bxe3 15. exf6 Bxf2+ 16. Rxf2 Qxf6 17. Rb1 Ne5 18. Qc2 c6 19. Ne4 Nxf3+ 20. Rxf3 Qd4+ 21. Kh1 Rfd8 22. h3 Rd5 23. Nc3 Rc5 24. b3 b5 25. axb5 cxb5 26. b4 Rc4 27. Nxb5 Qd5 28. Qa4 a5 29. Ra3 Qe4 30. Nc3 Rxc3 31. Rab3 axb4 32. Qxb4 Qxb4 33. Rxb4 Ra2 34. R4b2 Rxb2 35. Rxb2 Kf7 36. Rb7+ Kf6 37. Kh2 e5 38. Kg1 e4 39. Kf1 g5 40. Rb5 Kg6 41. Re5 Rc4 42. g4 Kf6 43. Re8 Rc1+ 44. Ke2 Rc2+ 45. Kd1 Rc4 46. Kd2 Rd4+ 47. Ke2 Rd3 48. Rxe4 Rxh3 49. Kd2 h5 50. gxh5 Rxh5 51. Ke3 Kf5 52. Re8 Kg4 53. Rf8 Kg3 54. Rf5 Kg4 55. Rf1 Rh3+ 56. Ke4 Rg3 57. Ke5 Rg2 58. Kf6 Rg3 59. Rf2 Kh3 60. Rf5 g4 61. Rg5 Rf3+ 62. Ke5 g3 63. Ke4 Kg2 64. Rh5 Rf2 65. Ke3 Kg1 66. Rg5 g2 67. Rd5 Rf6 68. Rd2 Kh1 0-1

[Event "CYCC U08"]
[Site "Ottawa CAN"]
[Date "2013.07.12"]
[Round "5"]
[White "Fu, Steven"]
[Black "Guipi Bopala, Prince Eric jr"]
[Result "1-0"]
[WhiteElo "631"]
[BlackElo "804"]
[PlyCount "55"]
[GameId "2160767909317905"]
[EventDate "2013.07.10"]
[EventType "swiss"]
[EventRounds "6"]
[EventCountry "CAN"]
[SourceTitle "hb 2013"]

1. e4 c5 2. Nf3 d6 3. Be2 Nf6 4. Nc3 g6 5. O-O Bg7 6. d3 O-O 7. Bg5 Nc6 8. Qd2 Bd7 9. Bxf6 Bxf6 10. Qh6 Bg7 11. Qh4 Nb4 12. Ng5 h6 13. Nf3 Nxc2 14. Rac1 Nb4 15. a3 Nc6 16. Rcd1 Nd4 17. Rfe1 Nxe2+ 18. Nxe2 Bxb2 19. Rb1 Bxa3 20. Qxh6 f6 21. Nf4 Be8 22. Ne6 Rf7 23. Nxd8 Rxd8 24. Nh4 Rg7 25. Qe3 Bb4 26. Red1 Ba4 27. Rf1 Be8 28. d4 1-0

[Event "CYCC U08"]
[Site "Ottawa CAN"]
[Date "2013.07.12"]
[Round "5"]
[White "Huang, Patrick"]
[Black "Low, Kevin"]
[Result "1/2-1/2"]
[WhiteElo "1040"]
[BlackElo "1484"]
[PlyCount "142"]
[GameId "2160767909317906"]
[EventDate "2013.07.10"]
[EventType "swiss"]
[EventRounds "6"]
[EventCountry "CAN"]
[SourceTitle "hb 2013"]

1. e4 c5 2. Nf3 e6 3. d4 cxd4 4. Nxd4 a6 5. c4 Qc7 6. Nc3 Nf6 7. a3 Bc5 8. Be3 b6 9. b4 Be7 10. Be2 O-O 11. O-O Bb7 12. Qc2 d6 13. Rac1 Nbd7 14. f4 Rac8 15. f5 e5 16. Nb3 Qb8 17. Rf3 Qa8 18. Bd3 Ng4 19. Nd5 Bxd5 20. exd5 Nxe3 21. Rxe3 Bg5 22. Rh3 Bxc1 23. f6 g6 24. Qxc1 Nxf6 25. Qg5 Kg7 26. Qh6+ Kh8 27. Bf5 Rxc4 28. Qg5 Ng8 29. Bd3 Rf4 30. Rf3 Rxf3 31. gxf3 Qxd5 32. Nc1 Qxf3 33. Bxa6 Qf4 34. Qxf4 exf4 35. Kf2 Ne7 36. b5 f5 37. Bb7 d5 38. Nd3 Rb8 39. Ba6 g5 40. Ne5 Ra8 41. Nd7 Rxa6 42. bxa6 Nc8 43. Ne5 Na7 44. Nf7+ Kg7 45. Nxg5 Kf6 46. Nxh7+ Kg6 47. Nf8+ Kf7 48. Nd7 Ke6 49. Nxb6 d4 50. Nc4 Kd5 51. Nd2 d3 52. Kf3 Ke5 53. h4 Nb5 54. a4 Nd4+ 55. Kf2 Nc6 56. h5 Kf6 57. Kf3 Kg5 58. h6 Kxh6 59. Kxf4 Kg6 60. Ke3 Kf6 61. Kxd3 Ke5 62. Nf3+ Kd5 63. Kc3 Kc5 64. Nd4 Ne7 65. Nxf5 Nd5+ 66. Kb3 Nc7 67. a5 Kb5 68. a7 Kxa5 69. Ne7 Kb6 70. Nc8+ Kb7 71. Ne7 Kxa7 1/2-1/2

[Event "CYCC U08"]
[Site "Ottawa CAN"]
[Date "2013.07.12"]
[Round "5"]
[White "Kulic, Mateo"]
[Black "Gaisinsky, Jacob"]
[Result "1-0"]
[WhiteElo "917"]
[BlackElo "407"]
[PlyCount "57"]
[GameId "2160767909317908"]
[EventDate "2013.07.10"]
[EventType "swiss"]
[EventRounds "6"]
[EventCountry "CAN"]
[SourceTitle "hb 2013"]

1. e4 e5 2. Nf3 Nc6 3. Bc4 Bc5 4. b4 Nxb4 5. c3 Nc6 6. d4 Bd6 7. O-O Nf6 8. Re1 O-O 9. Bg5 h6 10. Bh4 Re8 11. Bb3 b6 12. c4 g5 13. Bg3 exd4 14. e5 Ba3 15. Nxa3 Nh5 16. Nb5 Nxg3 17. hxg3 d6 18. Nfxd4 Nxd4 19. Qxd4 dxe5 20. Rxe5 Bd7 21. Rxe8+ Qxe8 22. Nxc7 Qd8 23. Nxa8 Qc8 24. Rd1 Qxa8 25. Qxd7 Kg7 26. c5 bxc5 27. Qxf7+ Kh8 28. Qf6+ Kh7 29. Rd7# 1-0

[Event "CYCC U08"]
[Site "Ottawa CAN"]
[Date "2013.07.12"]
[Round "5"]
[White "Noorali, Aahil"]
[Black "Wu, Nicholas"]
[Result "1-0"]
[WhiteElo "1086"]
[BlackElo "1158"]
[PlyCount "75"]
[GameId "2160767909317912"]
[EventDate "2013.07.10"]
[EventType "swiss"]
[EventRounds "6"]
[EventCountry "CAN"]
[SourceTitle "hb 2013"]

1. e4 e5 2. Nf3 Nc6 3. Bc4 Bc5 4. Nc3 Nf6 5. d3 d6 6. Bg5 h6 7. Be3 Bb6 8. Qd2 Bg4 9. h3 Bxf3 10. gxf3 Qd7 11. O-O-O O-O-O 12. f4 Rhe8 13. fxe5 Nxe5 14. Bb3 Nf3 15. Qe2 Nd4 16. Bxd4 Bxd4 17. Nd5 Nxd5 18. Bxd5 c6 19. Bb3 d5 20. Qf3 dxe4 21. dxe4 Qe7 22. Qxf7 Qxf7 23. Bxf7 Rxe4 24. Rhg1 Bxf2 25. Rxd8+ Kxd8 26. Rxg7 Rd4 27. c3 Rd7 28. Rg8+ Kc7 29. Be6 Rd8 30. Rg7+ Kb6 31. b4 Be1 32. Kc2 Rd2+ 33. Kb3 Rd3 34. Rh7 Rxc3+ 35. Ka4 Ka6 36. Bc8 Rc2 37. a3 Rc3 38. Rxb7 1-0

[Event "CYCC U08"]
[Site "Ottawa CAN"]
[Date "2013.07.12"]
[Round "5"]
[White "Wu, Lucian"]
[Black "Radin, Andrew"]
[Result "1/2-1/2"]
[WhiteElo "599"]
[BlackElo "764"]
[PlyCount "67"]
[GameId "2160767909317913"]
[EventDate "2013.07.10"]
[EventType "swiss"]
[EventRounds "6"]
[EventCountry "CAN"]
[SourceTitle "hb 2013"]

1. d4 d5 2. c4 e6 3. Nc3 Nf6 4. Nf3 Be7 5. Bf4 O-O 6. e3 Nc6 7. Be2 Bd7 8. O-O Ne4 9. Qc2 Nxc3 10. bxc3 dxc4 11. Bxc4 Bd6 12. Bxd6 cxd6 13. Bd3 f6 14. Bxh7+ Kf7 15. Bd3 d5 16. Nh4 f5 17. Nf3 Qe7 18. c4 Nb4 19. Qb3 Nxd3 20. Qxd3 Qb4 21. Rac1 Rac8 22. c5 Bb5 23. Qb3 Qxb3 24. axb3 Bxf1 25. Kxf1 b6 26. Ne5+ Kg8 27. c6 Rf6 28. Ke2 Rc7 29. Nd7 Rh6 30. h3 g5 31. Kf3 Rg6 32. Ne5 Rgg7 33. g4 fxg4+ 34. Kxg4 1/2-1/2